| 000 | 00826nmm a2200265 a 4500 | ||
|---|---|---|---|
| 001 | ocm000955421 | ||
| 003 | TR-IsHL | ||
| 005 | 20201028150311.0 | ||
| 008 | 150110s200? tu tur | ||
| 007 | cr cn | ||
| 035 |
_a955421 _b(N$T) |
||
| 050 | 0 | 4 |
_aDR741.K4 _bD56[2 200? |
| 090 | 0 | 4 |
_aDR741.K4 _bD56[2 200? |
| 100 | 1 | _aDinçer, Hilmi | |
| 245 | 1 | 0 |
_aKeşan tarihi _h[electronic resource] / _cHilmi Dinçer |
| 260 |
_aEdirne : _b[Yayınlayan yok], _c200? |
||
| 300 | _a397 p. | ||
| 500 |
_aKaynakça vardır. _x |
||
| 650 | 4 | _aTarih | |
| 650 | 4 | _aHistory | |
| 650 | 0 |
_aKeşan (Edirne) _xTarih |
|
| 650 | 0 |
_aKeşan (Edirne) _xHistory |
|
| 650 | 7 |
_aHISTORY / Middle East / Turkey & Ottoman Empire _2bisacsh |
|
| 856 | 4 | 0 | _uhttp://search.ebscohost.com/login.aspx?direct=true&scope=site&db=e011xww&AN=955421 |
| 999 |
_c10399 _d10399 |
||